000 00512nam a2200181Ia 4500
005 20250423101030.0
008 250422s9999 xx 000 0 und d
020 _a9781138554382
050 _aTH 845
100 _aAshwani Bedi and Ramsey Dabby
245 0 _aStructure for architects : a case study in steel, wood, and reinforced concrete design
260 _aNew York
260 _bRoutledge
260 _c2020
300 _a225 p
650 _aStructural engineering. Girders. Columns.
942 _cBK
999 _c35076
_d35076